000 01156nam a22002777a 4500
005 20240530110503.0
008 150512s2011 ua g b 000 0 ara d
017 _a2011/2302
_bمصر . دار الكتب المصرية
020 _a9789774312136
040 _aEG-CaGPL
082 0 4 _221
_a378\
_bأ ت
100 0 _aايمن يسن محمد عمر
245 1 0 _aتعليمنا بين اراء النخبة التربوية و الصحافة الالكترونية /
_cايمن يسن محمد عمر ؛ تقديم سعيد اسماعيل على
250 _aط1
260 _aالقاهرة :
_bمؤسسة طيبة للنشر و التوزيع ،
_c2011 .
300 _a413 ص ؛
_c24 سم .
504 _aيشتمل على ارجاعات ببليوجرافية
650 0 4 _aالصحافة الالكترونية
650 0 4 _aالتربية
_xالاسس العلمية
650 0 4 _aالصحافة
_xالتحرير الالى
650 0 4 _aالدروس الخصوصية
650 0 4 _aالعنف المدرسى
700 0 _aسعيد اسماعيل على
_eمقدم
942 _2ddc
_cBK
999 _c61516
_d61516